LEADER 01056nam a2200229 i 4500 001 991003304469707536 005 20020503190139.0 008 961112s1884 it ||| | ita 035 $ab10486410-39ule_inst 035 $aEXGIL118517$9ExL 040 $aBiblioteca Interfacoltà$bita 100 1 $aSiciliani, Pietro$0127816 245 10$aLettere del professore Pietro Siciliani, autore della Scienza dell'educazione ... e del professore Pietro Pellizzari, direttore dello Studente magliese. 260 $aMaglie :$btip. del Collegio Capece,$c1884 500 $aEsemplare in fotocopia. 700 1 $aPellizzari, Pietro 907 $a.b10486410$b02-04-14$c27-06-02 912 $a991003304469707536 945 $aLE002 Fotoc. 30$g1$iLE002-76853$lle002$o-$pE0.00$q-$rn$so $t0$u0$v0$w0$x0$y.i10561614$z27-06-02 996 $aLettere del professore Pietro Siciliani, autore della Scienza dell'educazione ... e del professore Pietro Pellizzari, direttore dello Studente magliese$9214821 997 $aUNISALENTO 998 $ale002$b01-01-96$cm$da $e-$fita$git $h0$i1